IT Systems Management (Record no. 1468)

MARC details
000 -LEADER
fixed length control field 00419nam a22001697a 4500
005 - DATE AND TIME OF LATEST TRANSACTION
control field 20160523144725.0
008 - FIXED-LENGTH DATA ELEMENTS--GENERAL INFORMATION
fixed length control field 160523b xxu||||| |||| 00| 0 eng d
020 ## - INTERNATIONAL STANDARD BOOK NUMBER
ISBN 81-203-2238-X
041 ## - LANGUAGE CODE
Language code of text/sound track or separate title eng
082 ## - DEWEY DECIMAL CLASSIFICATION NUMBER
Item number 4396
100 ## - MAIN ENTRY--AUTHOR NAME
Personal name Schiesser, Rich
245 ## - TITLE STATEMENT
Title IT Systems Management
260 ## - PUBLICATION, DISTRIBUTION, ETC. (IMPRINT)
Place of publication New Delhi
Name of publisher Academic Faundation
Year of publication 2003
300 ## - PHYSICAL DESCRIPTION
Number of Pages 473
650 ## - SUBJECT ADDED ENTRY--TOPICAL TERM
Topical Term Information Technology
942 ## - ADDED ENTRY ELEMENTS (KOHA)
Koha item type Books
Holdings
Lost status Damaged status Collection code Home library Current library Shelving location Date acquired Cost, normal purchase price Full call number Accession Number Koha item type
    MANAGEMENT JRU Library JRU Library SHELF- 69 D 23/05/2016 295.00 4396 4396 Books
    MANAGEMENT JRU Library JRU Library SHELF- 69 D 23/05/2016 295.00 4396 4397 Books
    MANAGEMENT JRU Library JRU Library SHELF- 69 D 23/05/2016 295.00 4396 4398 Books